Xây dựng hệ thống câu hỏi trắc nghiệm chương “Lượng tử ánh sáng” - vật lí 12 nâng cao với sự hỗ trợ của phần mềm ARI-Quiz theo hướng bồi dưỡng năng lực tự kiểm tra đánh giá kết quả học tập của học sinh
Cơ sở lý luận việc xây dựng hệ thống câu hỏi trắc nghiệm qua mạng Internet theo hướng bồi dưỡng năng lực tự kiểm tra đánh giá chất lượng học tập của học sinh. Xây dựng hệ thống câu hỏi trắc nghiệm chương “Lượng tử ánh sáng” -Vật lí 12 Nâng cao và khai thác sử dụng phần mềm ARI-Quiz trên website Joom...
Gorde:
| Egile nagusia: | |
|---|---|
| Beste egile batzuk: | |
| Formatua: | Liburua |
| Hizkuntza: | Vietnamese |
| Argitaratua: |
Đà Nẵng
Đại học Sư phạm, Đại học Đà Nẵng
2013
|
| Gaiak: | |
| Etiketak: |
Etiketa erantsi
Etiketarik gabe, Izan zaitez lehena erregistro honi etiketa jartzen!
|
| Thư viện lưu trữ: | Mạng thư viện Đại học Đà Nẵng |
|---|
| LEADER | 02225nam a2200397 4500 | ||
|---|---|---|---|
| 001 | 000019130 | ||
| 003 | 15565 | ||
| 005 | 20140321100321.0 | ||
| 008 | 140319s2013 viesd | ||
| 041 | |a vie | ||
| 072 | |a VL | ||
| 082 | 1 | 4 | |a 535.15 |b TR-T |
| 100 | 1 | |a Trần Xuân Thiên Thanh | |
| 245 | 1 | 0 | |a Xây dựng hệ thống câu hỏi trắc nghiệm chương “Lượng tử ánh sáng” - vật lí 12 nâng cao với sự hỗ trợ của phần mềm ARI-Quiz theo hướng bồi dưỡng năng lực tự kiểm tra đánh giá kết quả học tập của học sinh |c Trần Xuân Thiên Thanh ; Nguyễn Bảo Hoàng Thanh hướng dẫn |k Khóa luận tốt nghiệp |
| 260 | |a Đà Nẵng |b Đại học Sư phạm, Đại học Đà Nẵng |c 2013 | ||
| 300 | |a 111 tr. |b Hình mh. |c 29 cm. | ||
| 500 | |a Khóa luận tốt nghiệp đại học. Chuyên ngành: Sư phạm Vật lý | ||
| 520 | |a Cơ sở lý luận việc xây dựng hệ thống câu hỏi trắc nghiệm qua mạng Internet theo hướng bồi dưỡng năng lực tự kiểm tra đánh giá chất lượng học tập của học sinh. Xây dựng hệ thống câu hỏi trắc nghiệm chương “Lượng tử ánh sáng” -Vật lí 12 Nâng cao và khai thác sử dụng phần mềm ARI-Quiz trên website Joomla! | ||
| 650 | 0 | 4 | |a Lượng tử ánh sáng |v Khóa luận tốt nghiệp |x Dạy và học |x Ứng dụng phần mềm Ari-quiz |
| 653 | |a Giáo dục trung học | ||
| 653 | |a Câu hỏi trắc nghiêm | ||
| 653 | |a Lượng tử ánh sáng | ||
| 653 | |a Khoa Vật Lý | ||
| 653 | |a Ứng dụng phần mềm Ari-quiz | ||
| 653 | |a Kiểm tra đánh giá | ||
| 700 | 1 | |a Nguyễn Bảo Hoàng Thanh |c PGS.TS |e Hướng dẫn | |
| OWN | |a LSP | ||
| AVA | |a UDN50 |b LSP |d 535.15 TR-T |e available |t Error 5001 Not defined in file expand_doc_bib_avail. |f 1 |g 0 |h N |i 0 |k 1 | ||
| 999 | |a From the UDN01 | ||
| AVA | |a UDN50 |b LSP |d 535.15 TR-T |e available |t Error 5001 Not defined in file expand_doc_bib_avail. |f 1 |g 0 |h N |i 0 |k 1 | ||
| TYP | |a Monograph | ||
| TYP | |a Printed language | ||
| 980 | |a Mạng thư viện Đại học Đà Nẵng | ||